1642 1876 1854 1223 1716 1178 1581 1524 1050 1672 1790 1967 1222 1267 1260 1716 1659 1460 1435 1096 1001 1954 1138 1357 1700 1020 1894 1668 1890 1867 1981 1051 1174 1152 1193 1759 1523 1779 1189 1850 1164 1379 1858 1174 1982 1897 1624 1602 1459 1406 1003 1849 1878 1187 1763 1957 1908 1985 1382 1512 1200 1326 1357 1621 1683 1470 1192 1212 1946 1136 1436 1635 1428 1108 1779 1174 1029 1802 1428 1203 1450 1798 1992 1712 1410 1645 1941 1190 1899 1179 1920 1656 1855 1336 1881 1394 1213 1974 1203 BCNSPRNW ULIB Ver.6.0+V

เปลี่ยนเป็นภาษาไทย

Change to English
 แสดงรายละเอียดบรรณานุกรม
  กลับหน้าหลัก

Brief Record : Get Marc (ISO 2709) : E-mail record : QR code < ปิดหน้าต่าง
LEADER : 00000nam 2200000uu 4500
001    13399123834
003     ULIB
008    141202s2556||||th 000 0 tha d
020    ^a9786163359919
060 04 ^aWB535^bป411ว
100 0  ^aประสาร เปรมะสกุล
245 10 ^aวิถีชีวิต แนวใหม่ พิชิตมะเร็งพ่าย ใน 2 เดือน. /^cประสาร เปรมะสกุล
246 1  ^aวิถีชีวิต แนวใหม่ พิชิตมะเร็งพ่าย ใน 2 เดือน.
246 30 ^aปัสสาวะลำบาก ต่อมลูกหมากโตในชีวิตจริงของผู้เขียน ^i(ข้อความเหนือชื่อเรื่อง)
246 0  ^aพิชิตมะเร็งพ่ายใน 2 เดือน
250    ^aพิมพ์ครั้งแรก
260    ^aกรุงเทพฯ :^bอรุณการพิมพ์,^c2556.
300    ^a266 หน้า
650  7 ^aต่อมลูกหมาก^xมะเร็ง^xโภชนบำบัด
650  7 ^aมะเร็ง^xการป้องกันและควบคุม
650  7 ^aต่อมลูกหมาก, เนื้องอก^xโภชนบำบัด
945    ^p290^l0^i22307
945    ^p290^l0^i22308
999    ^aทศพร เกษรทอง
รายการนี้ยังไม่มีแท็ก
คุณยังไม่ได้ล็อกอิน คุณสามารถมีกิจกรรมร่วมกับเว็บไซต์ได้ แต่ต้องล็อกอินก่อน ::
  ล็อกอิน

รายการสื่อสารสนเทศ

ลำดับที่ ประเภท เลขเรียก/บาร์โค้ด สถานที่ สถานะ
1. วิทยาศาสตร์การแพทย์ และสุขภาพ
หนังสือสำรอง
สถานะ=หนังสือสำรอง
WB535 ป411ว ฉ.1 
  Barcode: 22307
ห้องสมุดวิทยาเขตนครสวรรค์
►ส่วนจัดเก็บหนังสือเก่า นว.
บนชั้น
  ขอยืม
2. วิทยาศาสตร์การแพทย์ และสุขภาพ
วิทยาศาสตร์การแพทย์ และสุขภาพ
WB535 ป411ว ฉ.2 
  Barcode: 22308
ห้องสมุดวิทยาเขตนครสวรรค์
►ส่วนจัดเก็บหนังสือเก่า นว.
บนชั้น
  ขอยืม

รายการใกล้เคียง
    ผู้แต่ง [ประสาร เปรมะสกุล]

    หัวเรื่อง [มะเร็ง การป้องกันและควบคุม]

BibComment


ยังไม่เคยถูกคอมเมนท์

คอมเมนท์ทรัพยากรรายการนี้
  คอมเมนท์: วิถีชีวิต แนวใหม..


 Copyright 2026. Bcnsprnw @Library